000 00437nam a2200181Ia 4500
008 210210b1958 xxu||||| |||| 00| 0 eng d
041 _aeng
082 _a536/62
100 _aJACKSON (J D)
245 _aPhysics of elementary praticles
260 _aNew Jersey
_bThe Macmillan Company
_c1958
300 _a135
650 _apraticles
650 _aPhysics
650 _aelementary
690 _aModern Physics
906 _a008860
999 _c126623
_d126623